Statistics for All Alicia Keys Songs

Click here to take the quiz!

General Stats

  • This quiz has been taken 54 times
    (40 since last reset)
  • The average score is 37 of 152

Answer Stats

AlbumThSong% Correct
Girl on FireGirl on Fire
87%
As I AmNo One
74%
Songs in A MinorFallin'
68%
The Diary of Alicia KeysIf I Ain't Got You
65%
The Diary of Alicia KeysYou Don't Know My Name
55%
The Element of FreedomEmpire State of Mind (Part II) Broken Down
52%
The Element of FreedomTry Sleeping with a Broken Heart
48%
As I AmAs I Am (Intro)
45%
Songs in A MinorA Woman's Worth
45%
The Diary of Alicia KeysDiary
45%
The Element of FreedomUn-Thinkable (I'm Ready)
45%
The Diary of Alicia KeysKarma
42%
AliciaShow Me Love
42%
AliciaUnderdog
42%
ConfessionsMy Boo
39%
As I AmSuperwoman
35%
HEREBlended Family (What You Do for Love)
32%
HEREHoly War
32%
HEREIn Common
32%
As I AmLike You'll Never See Me Again
32%
As I AmTeenage Love Affair
32%
The Element of FreedomThe Element of Freedom (Intro)
32%
Girl on Fire101
29%
KEYSBillions
29%
Songs in A MinorButterflyz
29%
Girl on FireFire We Make
29%
AliciaGood Job
29%
The Amazing Spider-Man 2: The Original Motion Picture SoundtrackIt's On Again
29%
AliciaLove Looks Better
29%
AliciaMe x 7
29%
Girl on FireNew Day
29%
The Element of FreedomPut It in a Love Song
29%
KEYSSkydive
29%
AliciaTime Machine
29%
Alicia3 Hour Drive
26%
AliciaA Beautiful Noise
26%
AliciaAuthors of Forever
26%
KEYSBest of Me
26%
Girl on FireBrand New Me
26%
HERECocoa Butter (Cross & Pic Interlude)
26%
KEYSDaffodils
26%
HEREGirl Can't Be Herself
26%
Songs in A MinorGirlfriend
26%
The Diary of Alicia KeysIf I Was Your Woman / Walk on By
26%
HEREIllusion of Bliss
26%
KEYSNat King Cole
26%
KEYSOld Memories
26%
KEYSOnly You
26%
AliciaSo Done
26%
HEREThe Gospel
26%
AliciaThree Hour Drive - A COLORS SHOW
26%
AliciaTruth Without Love
26%
UnpluggedUnbreakable
26%
AliciaWasted Energy
26%
Single #2We Are Here
26%
Single #328 Thousand Days
23%
As I AmAnother Way to Die
23%
Queen of Katwe (Original Motion Picture Soundtrack)Back to Life
23%
Girl on FireDe Novo Adagio (Intro)
23%
The Element of FreedomDistance and Time
23%
The Element of FreedomDoesn't Mean Anything
23%
As I AmDoncha Know (Sky Is Blue)
23%
The Diary of Alicia KeysDragon Days
23%
As I AmGo Ahead
23%
AliciaGramercy Park
23%
HEREHallelujah
23%
The Diary of Alicia KeysHeartburn
23%
Songs in A MinorHow Come You Don't Call Me
23%
KEYSIs It Insane
23%
AliciaJill Scott
23%
HEREKill Your Mama
23%
As I AmLesson Learned
23%
KEYSLike Water
23%
Girl on FireLimitedless
23%
Girl on FireListen to Your Heart
23%
Girl on FireNot Even the King
23%
Girl on FireOne Thing
23%
KEYSPaper Flowers
23%
AliciaPerfect Way to Die
23%
Songs in A MinorPiano & I
23%
KEYSPlentiful
23%
The Diary of Alicia KeysSamsonite Man
23%
HEREShe Don't Really Care_1 Luv
23%
Girl on FireTears Always Win
23%
As I AmTell You Something (Nana's Reprise)
23%
Girl on FireWhen It's All Over
23%
As I AmWreckless Love
23%
Songs in A MinorCaged Bird
19%
KEYSDead End Road
19%
HEREElaine Brown (Interlude)
19%
HEREElevate (Interlude)
19%
The Diary of Alicia KeysFeeling U, Feeling Me (Interlude)
19%
Songs in A MinorGoodbye
19%
The Diary of Alicia KeysHarlem's Nocturne
19%
The Element of FreedomHow It Feels to Fly
19%
As I AmI Need You
19%
Songs in A MinorJane Doe
19%
The Element of FreedomLike the Sea
19%
The Element of FreedomLove Is My Disease
19%
KEYSLove When You Call My Name
19%
Songs in A MinorLovin U
19%
HEREMore than We Know
19%
Songs in A MinorMr. Man
19%
Songs in A MinorNever Felt This Way (Interlude)
19%
The Diary of Alicia KeysNobody Not Really
19%
HEREPawn It All
19%
As I AmPrelude to a Kiss
19%
Single #4Raise a Man
19%
Songs in A MinorRock wit U
19%
As I AmSaviour
19%
The Diary of Alicia KeysSlow Down
19%
The Diary of Alicia KeysSo Simple
19%
As I AmSure Looks Good to Me
19%
The Element of FreedomThat's How Strong My Love Is
19%
Girl on FireThat's When I Knew
19%
HEREThe Beginning (Interlude)
19%
Songs in A MinorThe Life
19%
As I AmThe Thing About Love
19%
Songs in A MinorTroubles
19%
Electric LightUs
19%
The Element of FreedomWait Til You See My Smile
19%
The Diary of Alicia KeysWake Up
19%
The Diary of Alicia KeysWhen You Really Love Someone
19%
HEREWhere Do We Begin Now
19%
As I AmWhere Do We Go from Here
19%
Songs in A MinorWhy Do I Feel So Sad
19%
HEREWork on It
19%
HEREYou Glow (Interlude)
19%
AliciaYou Save Me
19%
Single #5Calma (Alicia Remix)
16%
The Element of FreedomLove Is Blind
16%
The Diary of Alicia KeysStreets of New York
16%
Promo Single #4The Christmas Song
16%
The Element of FreedomThis Bed
16%
UnpluggedEvery Little Bit Hurts
13%
The Element of FreedomPray for Forgiveness
13%
Songs in A MinorRear View Mirror
13%
The Element of Freedom | UnpluggedStolen Moments
13%
UnpluggedWild Horses
13%
Promo Single #2Ave Maria
10%
Promo Single #3Diamonds and Pearls
10%
SingleDon't Give Up (Africa)
10%
The Element of FreedomHeaven's Door
10%
UnpluggedIntro Alicia's Prayer (Acappella)
10%
G I R LKnow Who You Are
10%
UnpluggedLove It or Leave It Alone / Welcome to Jamrock
10%
Monster Monday Volume OneSpeechless
10%
The Element of FreedomThrough It All
10%
As I AmWaiting for Your Love
10%
Promo SingleWe Gotta Pray
10%

Score Distribution

Percentile by Number Answered

Percent of People with Each Score

Your Score History

You have not taken this quiz since the last reset